|
|
|
|
| LEADER |
01432nam a2200397Ia 4500 |
| 001 |
EBC256705 |
| 003 |
MiAaPQ |
| 005 |
20200520144314.0 |
| 006 |
m o d | |
| 007 |
cr cn||||||||| |
| 008 |
030516s2004 enka sb 001 0 eng d |
| 010 |
|
|
|z 2003053225
|
| 020 |
|
|
|z 0511187726
|
| 020 |
|
|
|z 052183287X
|
| 020 |
|
|
|z 0521540445 (pbk.)
|
| 035 |
|
|
|a (MiAaPQ)EBC256705
|
| 035 |
|
|
|a (Au-PeEL)EBL256705
|
| 035 |
|
|
|a (CaPaEBR)ebr10124673
|
| 035 |
|
|
|a (CaONFJC)MIL45777
|
| 035 |
|
|
|a (OCoLC)69671825
|
| 040 |
|
|
|a MiAaPQ
|c MiAaPQ
|d MiAaPQ
|
| 050 |
|
4 |
|a HB141
|b .Z45 2004
|
| 100 |
1 |
|
|a Zellner, Arnold.
|
| 245 |
1 |
0 |
|a Statistics, econometrics, and forecasting
|h [electronic resource] /
|c Arnold Zellner.
|
| 260 |
|
|
|a Cambridge, UK ;
|a New York :
|b Cambridge University Press,
|c 2004.
|
| 300 |
|
|
|a xvii, 163 p. :
|b ill.
|
| 490 |
1 |
|
|a The Stone lectures in economics
|
| 504 |
|
|
|a Includes bibliographical references (p. 138-154) and indexes.
|
| 533 |
|
|
|a Electronic reproduction. Ann Arbor, MI : ProQuest, 2015. Available via World Wide Web. Access may be limited to ProQuest affiliated libraries.
|
| 650 |
|
0 |
|a Econometric models.
|
| 650 |
|
0 |
|a Time-series analysis.
|
| 650 |
|
0 |
|a Economic forecasting.
|
| 655 |
|
4 |
|a Electronic books.
|
| 710 |
2 |
|
|a ProQuest (Firm)
|
| 830 |
|
0 |
|a Stone lectures in economics.
|
| 856 |
4 |
0 |
|u https://ebookcentral.proquest.com/lib/matrademy/detail.action?docID=256705
|z Click to View
|